[Event "IBM-B"]
[Site "Amsterdam"]
[Date "1973.??.??"]
[Round "7"]
[White "Keene, Raymond D"]
[Black "Sosonko, Gennadi"]
[Result "1/2-1/2"]
[WhiteElo "2445"]
[BlackElo "2430"]

1.Nf3 Nf6 2.g3 g6 3.c4 Bg7 4.d4 O-O 5.Bg2 d6 6.O-O c6 7.Nc3 Qa5 8.h3 e5 9.d5 cxd5
10.cxd5 Bd7 11.Nd2 Rc8 12.e4 Na6 13.Re1 Nc5 14.Bf1 b5 15.a3 Qb6 16.b4 Nd3
17.Bxd3 Rxc3 18.Nb1 Rcc8 19.Bf1 Qd4 20.Qxd4 exd4 21.Bb2 Nh5 22.Bd3 a5  1/2-1/2

[Event "Buenos Aires CA"]
[Site "Buenos Aires"]
[Date "1973.??.??"]
[Round "4"]
[White "Szmetan, Jorge"]
[Black "Cuartas, Carlos"]
[Result "1/2-1/2"]
[WhiteElo "2390"]
[BlackElo "2350"]

1.d4 Nf6 2.c4 g6 3.Nf3 Bg7 4.g3 O-O 5.Bg2 d6 6.O-O c6 7.Nc3 Qa5 8.h3 Nbd7
9.e4 e5 10.Re1 exd4 11.Nxd4 Re8 12.Be3 Ne5 13.Qe2 a6 14.f4 Ned7 15.a3 c5
16.Nb3 Qc7 17.Qd3 Rb8 18.a4 b6 19.Rad1 Bf8 20.g4 h6 21.Nd2 Bb7 22.Bf2 Rbd8
23.Qg3 Bg7 24.e5 dxe5 25.fxe5 Nh7 26.e6 Qxg3 27.Bxg3 Bxg2 28.exf7+ Kxf7 29.Kxg2 Rxe1
30.Rxe1 Bxc3 31.bxc3 Nhf6 32.Nf3 Re8 33.Rxe8 Kxe8 34.Nd2 Kf7 35.Kf3 Ke6 36.Bc7 Ne8
37.Bf4 g5 38.Bh2 a5 39.Ne4 Ne5+ 40.Bxe5 Kxe5 41.Ke3 Nc7 42.Ng3 Ne6 43.Nf5 h5
44.Ng3 hxg4 45.hxg4 Nd8 46.Ne4 Nf7 47.Nd2 Kd6 48.Nf3 Ke6 49.Ke4 Nd6+ 50.Kd3 Kf6
51.Nd2 Nf7 52.Nf3 Nh6  1/2-1/2

[Event "HUN-ch"]
[Site "?"]
[Date "1973.??.??"]
[Round "?"]
[White "Csom, Istvan"]
[Black "Hazai, Laszlo"]
[Result "1-0"]
[WhiteElo "2540"]
[BlackElo "2200"]

1.Nf3 g6 2.d4 Bg7 3.c4 Nf6 4.g3 O-O 5.Bg2 d6 6.O-O Nbd7 7.Nc3 e5 8.e4 c6
9.Rb1 a5 10.h3 Re8 11.Re1 exd4 12.Nxd4 Nc5 13.Bf4 Bf8 14.b3 Nfd7 15.Qc2 Qb6
16.Be3 Bg7 17.a3 Qc7 18.Rbd1 Qb6 19.Rb1 Qc7 20.Red1 h5 21.b4 Na6 22.f4 Nf8
23.Bf2 axb4 24.axb4 Ne6 25.Nde2 Qe7 26.Na4 g5 27.Nb6 Rb8 28.f5 Nf8 29.Qd2 Be5
30.Nd4 g4 31.hxg4 hxg4 32.Nc2 Nh7 33.Ne1 Qg5 34.Nd3 Qxd2 35.Rxd2 Ng5 36.Nxe5 dxe5
37.Be3 Nh7 38.Rbd1 Nf6 39.Rd6 Kg7 40.Bg5 Ng8 41.Rd8 Rxd8  1-0

[Event "DSV-Turnier"]
[Site "Leipzig"]
[Date "1973.??.??"]
[Round "2"]
[White "Liebert, Heinz"]
[Black "Balashov, Yuri S"]
[Result "1/2-1/2"]
[WhiteElo "2485"]
[BlackElo "2580"]

1.c4 g6 2.Nf3 Bg7 3.d4 Nf6 4.g3 O-O 5.Bg2 d6 6.Nc3 c6 7.O-O Qa5 8.h3 e5 9.e4 exd4
10.Nxd4 Qc5 11.Nb3 Qxc4 12.Qxd6 a5 13.Rd1 Qb4 14.Rb1 Nd5 15.Qxb4 axb4 16.exd5 bxc3
17.bxc3 Rxa2 18.Nd4 cxd5  1/2-1/2

[Event "CSR-ch"]
[Site "Luhacovice"]
[Date "1973.??.??"]
[Round "3"]
[White "Smejkal, Jan"]
[Black "Banas, Jan"]
[Result "1-0"]
[WhiteElo "2545"]
[BlackElo "2365"]

1.Nf3 Nf6 2.c4 g6 3.d4 Bg7 4.g3 O-O 5.Bg2 d6 6.O-O Nc6 7.Nc3 Bg4 8.d5 Na5
9.b3 c5 10.Bb2 a6 11.Nd2 Qd7 12.Qc2 b5 13.e4 Bh3 14.Nd1 Bxg2 15.Kxg2 Nb7
16.f4 b4 17.h3 a5 18.a4 bxa3 19.Rxa3 Ne8 20.Bxg7 Kxg7 21.Qc3+ f6 22.e5 Nc7
23.Ne3 Kg8 24.e6 Qd8 25.g4 Ne8 26.Ne4 Ng7 27.g5 f5 28.Ng3 Qe8 29.Qc2 Kh8
30.h4 h5 31.gxh6 Nh5 32.Nxh5 gxh5 33.Kh2 Qg6 34.Qb2+ Rf6 35.Rg1 Qxh6 36.Rg5 Kh7
37.Ra1 Rg8 38.Rag1 Rff8 39.Qe2 Rxg5 40.Rxg5  1-0

[Event "ARG-ch"]
[Site "Santa Fe"]
[Date "1973.??.??"]
[Round "14"]
[White "Sanguineti, Raul"]
[Black "Rebizzo, Cayetano"]
[Result "1/2-1/2"]
[WhiteElo "2530"]
[BlackElo "2200"]

1.Nf3 Nf6 2.c4 d6 3.g3 g6 4.d4 Bg7 5.Bg2 O-O 6.O-O Nc6 7.Nc3 Nd7 8.e4 e5
9.d5 Ne7 10.Be3 Nb6 11.c5 Nc4 12.cxd6 Nxd6 13.Qb3 h6 14.Rac1 a6 15.Nd2 Bd7
16.f4 f6 17.Nc4 Nec8 18.Na5 b6 19.Nc6 Qe8 20.fxe5 fxe5 21.Rxf8+ Kxf8 22.Nd1 a5
23.Nf2 Kg8 24.Qd3 Kh7 25.Bh3 Bxh3 26.Nxh3 Ne7 27.Nf2 Ng8 28.Bd2 Nf6 29.Kg2 Nd7
30.Qf3 Qf8 31.Qe2 Qf7 32.Rc3 Rf8 33.Rf3 Qxf3+ 34.Qxf3 Rxf3 35.Kxf3 Bf6 36.b3 h5
37.Nd3 g5 38.g4 hxg4+ 39.Ke3 g3 40.hxg3 g4 41.Nf2 Kg6 42.Bc3 Kh5 43.Bb2 Bg5+
44.Ke2 Bf6 45.Bc1 Nc5 46.Bb2 Ncxe4 47.Bxe5 Bxe5 48.Nxe5 Nxf2 49.Kxf2 Ne4+
50.Kg2 Nc3 51.d6 cxd6 52.Nc4 Nxa2 53.Nxb6 Nc1 54.Kf2 Nxb3 55.Ke3 Kg5 56.Nc4 d5
57.Nb6 Kf6 58.Nxd5+ Ke5 59.Nb6 Kf5 60.Kd3 Nc5+ 61.Kc4 Ne4 62.Nd5 Nd6+ 63.Kb3 Ke4
64.Nf6+ Kf3 65.Ka4 Nb7 66.Nh5  1/2-1/2

[Event "Sao Paulo+"]
[Site "Sao Paulo"]
[Date "1973.??.??"]
[Round "2"]
[White "Ivkov, Borislav"]
[Black "Camara, Helder"]
[Result "1-0"]
[WhiteElo "2520"]
[BlackElo "2375"]

1.Nf3 Nf6 2.c4 g6 3.d4 Bg7 4.g3 O-O 5.Bg2 d6 6.O-O Nc6 7.Nc3 a6 8.d5 Na5
9.Nd2 c5 10.Qc2 e5 11.a3 b6 12.b4 Nb7 13.Rb1 Bf5 14.e4 Bd7 15.Bb2 Rc8 16.b5 a5
17.Rbe1 Ng4 18.h3 Nh6 19.Na4 f5 20.f4 exf4 21.Bxg7 Kxg7 22.Qc3+ Kg8 23.Rxf4 Nf7
24.exf5 gxf5 25.Nf3 Qc7 26.Nh4 Ne5 27.Ref1 Rce8 28.Nxf5 Bxf5 29.Rxf5 Rxf5
30.Rxf5 Re7 31.h4 Nd8 32.Bh3 Rg7 33.Kh2 Ndf7 34.Rf4 Ng6 35.Rf1 Nfe5 36.Be6+ Kh8
37.h5 Ne7 38.Rf8+ Ng8 39.Qc1 Rxg3 40.Qf4  1-0

[Event "IBM"]
[Site "Amsterdam"]
[Date "1974.??.??"]
[Round "11"]
[White "Donner, Jan Hein"]
[Black "Tukmakov, Vladimir B"]
[Result "0-1"]
[WhiteElo "2495"]
[BlackElo "2570"]

1.d4 Nf6 2.c4 g6 3.g3 Bg7 4.Bg2 O-O 5.Nf3 d6 6.Nc3 c6 7.O-O Qa5 8.Nd2 Qh5
9.e4 Qxd1 10.Rxd1 Nfd7 11.Nf3 a6 12.Be3 b5 13.Nd2 Nb6 14.c5 dxc5 15.dxc5 N6d7
16.Rac1 a5 17.a3 a4 18.Rc2 Na6 19.Ne2 Ne5 20.Nd4 Rd8 21.h3 Ra7 22.Rb1 Rad7
23.N2f3 Nxf3+ 24.Nxf3 Rd1+ 25.Rxd1 Rxd1+ 26.Kh2 Be6 27.e5 b4 28.Nd4 b3 29.Rd2 Rxd2
30.Bxd2 Bxe5 31.Nxe6 fxe6 32.Bxc6 Bxb2 33.Bxa4 Nxc5 34.Bb5 Bxa3 35.Bc4 b2
36.Ba2 Kf7 37.Kg2 Na4 38.Kf1 Bc5 39.g4 Kf6 40.Ke2 Bd4 41.f3 e5 42.Kd3 Nc5+
43.Kc4 Ne6 44.h4 g5 45.hxg5+ Nxg5 46.f4 exf4 47.Bxf4 e5 48.Bd2 Nf3 49.Bc3 Kg5
50.Kb3 Bxc3 51.Kxc3 Kxg4 52.Kxb2 h5  0-1

[Event "Arrecife de Lanzarote"]
[Site "Arrecife de Lanzarote"]
[Date "1974.??.??"]
[Round "8"]
[White "Debarnot, Roberto"]
[Black "Quinteros, Miguel A"]
[Result "0-1"]
[WhiteElo "2405"]
[BlackElo "2520"]

1.Nf3 Nf6 2.c4 d6 3.d4 g6 4.g3 Bg7 5.Bg2 O-O 6.O-O Nc6 7.b3 Bg4 8.Bb2 Nd7
9.Qd2 e5 10.dxe5 dxe5 11.Rd1 Nc5 12.Nc3 Qc8 13.Qe3 Ne6 14.Nd5 Bxf3 15.Bxf3 f5
16.b4 Rf7 17.Bg2 Ncd4 18.Qd2 Qf8 19.e3 Nc6 20.f4 e4 21.Bxg7 Qxg7 22.a3 a5
23.b5 Nb8 24.b6 c6 25.Nc7 Nxc7 26.Qd8+ Qf8 27.bxc7 Na6 28.Rd7 Rxd7 29.Qxd7 Nc5
30.Qd1 Qf7 31.g4 Qxc7 32.gxf5 gxf5 33.Qh5 Qf7 34.Qg5+ Kh8 35.Rd1 Nd3 36.Kf1 Rg8
37.Qh6 Rg6 38.Qh5 Qxc4 39.Kg1 Qc2  0-1

[Event "DSV-Turnier"]
[Site "Halle"]
[Date "1974.??.??"]
[Round "?"]
[White "Smejkal, Jan"]
[Black "Moehring, Guenther"]
[Result "1/2-1/2"]
[WhiteElo "2600"]
[BlackElo "2450"]

1.c4 g6 2.d4 Nf6 3.Nf3 Bg7 4.g3 O-O 5.Bg2 d6 6.O-O Nbd7 7.Nc3 e5 8.e4 Re8
9.h3 exd4 10.Nxd4 Nc5 11.Re1 a5 12.Rb1 c6 13.Bf4 h6 14.Nb3 Nxb3 15.axb3 Bf8
16.Qd4 g5 17.Be3 Nd7 18.Rbd1 Nc5 19.e5 Bf5 20.Na4 Nxa4 21.bxa4 dxe5 22.Qxd8 Raxd8
23.Rxd8 Rxd8 24.Bb6 Re8 25.Bxa5 Bd3 26.Bc3 Bxc4 27.Rxe5 Rxe5 28.Bxe5 Bb4
29.Bc7 Kf8 30.Be4 Ke7 31.Kg2 Ke6 32.Kf3 Bb3 33.a5 f5 34.Bd3 Be7 35.a6 bxa6
36.Bxa6 Kd7 37.Be5 Bd5+ 38.Ke2 Bg2 39.Bg7 h5 40.h4 gxh4 41.gxh4 Bxh4 42.Ke3 Bg5+
43.f4 Be7 44.Kf2 Bd5 45.Kg3 h4+ 46.Kh3 c5 47.Be2 c4 48.Bc3 Kc6 49.Be1 Bf6
50.Bc3 Be7 51.Be1 Kc5 52.Bxh4 Bd6 53.Bf2+ Kb4 54.Kg3 Kb3 55.Bd4 Kc2 56.Bf1 Kd2
57.Bh3 Be4 58.Be5 Be7 59.Bf1 Bd5 60.Bh3 Be6 61.Bg2 Kc2 62.Bc6 Kd3 63.Bb5 Ke3
64.Bc6  1/2-1/2

[Event "Hastings 7475"]
[Site "Hastings"]
[Date "1974.??.??"]
[Round "1"]
[White "Csom, Istvan"]
[Black "Planinec, Albin"]
[Result "1/2-1/2"]
[WhiteElo "2540"]
[BlackElo "2545"]

1.Nf3 g6 2.c4 Bg7 3.d4 Nf6 4.g3 O-O 5.Bg2 d6 6.Nc3 Nbd7 7.O-O e5 8.e4 exd4
9.Nxd4 Re8 10.h3 Nc5 11.Re1 a5 12.Rb1 Bd7 13.f3 c6 14.Be3 Qc7 15.Bf2 Re7
16.Rc1 Qc8 17.h4  1/2-1/2

[Event "HUN-ch"]
[Site "?"]
[Date "1974.??.??"]
[Round "?"]
[White "Csom, Istvan"]
[Black "Sax, Gyula"]
[Result "1/2-1/2"]
[WhiteElo "2540"]
[BlackElo "2505"]

1.d4 Nf6 2.c4 g6 3.Nf3 Bg7 4.g3 O-O 5.Bg2 d6 6.Nc3 Nc6 7.O-O a6 8.h3 Rb8
9.e4 e5 10.dxe5 Nxe5 11.Nxe5 dxe5 12.Bg5 c6 13.Na4 Be6 14.b3 h6 15.Be3 Nd7
16.Rc1 Qe7 17.Rc2 Rfd8 18.Qc1 Kh7 19.Rd1 Bf8 20.Rcd2 b5 21.Nc5 Nxc5 22.Bxc5 Rxd2
23.Bxe7 Rxd1+ 24.Qxd1 Bxe7 25.Bf1 Bc5 26.cxb5 cxb5 27.Be2 Bd4 28.Bg4 Rd8
29.Qf3 Kg7 30.Bxe6 fxe6 31.Qg4 Rf8 32.Qxe6 Rxf2  1/2-1/2

[Event "FRG-ch"]
[Site "Menden"]
[Date "1974.??.??"]
[Round "?"]
[White "Reefschlaeger, Helmut"]
[Black "Mubedi, Mir Dhjan"]
[Result "1/2-1/2"]
[WhiteElo "2200"]
[BlackElo "2200"]

1.d4 Nf6 2.c4 g6 3.g3 Bg7 4.Bg2 d6 5.Nf3 O-O 6.O-O Nc6 7.Nc3 a6 8.h3 Rb8
9.e4 b5 10.e5 Nd7 11.cxb5 axb5 12.Ng5 Nxd4 13.Qxd4 Nxe5 14.Qh4 h6 15.Nf3 g5
16.Nxg5 hxg5 17.Bxg5 Ng6 18.Qh5 b4 19.Nd5 c6 20.Ne3 d5 21.f4 Qb6 22.f5 Ne5
23.Kh2 f6 24.Bf4 Bd7 25.Rad1 Be8 26.Qh4 Rd8 27.Bxe5 fxe5 28.Ng4 Bf6 29.Qh6 Rd6
30.Rde1 Qd4 31.Re2 Rf7 32.Rd2 Qa7 33.Qg6+ Kf8 34.Qh6+ Rg7 35.Re2 Kg8 36.Qd2 Bh5
37.Nxf6+ exf6 38.g4 Be8 39.Qxb4 c5 40.Qb3 c4 41.Qb4 Qc7 42.Rc2 Bf7 43.b3 d4
44.Rxc4 Bxc4 45.Qxc4+ Qxc4 46.bxc4 Rc7 47.Bd5+ Kg7 48.Rb1 Ra6 49.Rb8 Rxa2+
50.Kg3 Ra3+ 51.Kh4 Kh7 52.g5 fxg5+ 53.Kxg5 Rg7+ 54.Kf6 d3 55.Rd8 d2 56.Be4 Re3
57.Bc2 Rg2  1/2-1/2

[Event "Nice olm fin-A"]
[Site "Nice"]
[Date "1974.??.??"]
[Round "5"]
[White "Kortschnoj, Viktor"]
[Black "Quinteros, Miguel A"]
[Result "1-0"]
[WhiteElo "2670"]
[BlackElo "2495"]

1.d4 Nf6 2.Nf3 g6 3.c4 Bg7 4.g3 O-O 5.Bg2 d6 6.O-O Nc6 7.d5 Na5 8.Nbd2 c5
9.Ne1 e6 10.Rb1 exd5 11.cxd5 c4 12.b4 cxb3 13.axb3 b5 14.Bb2 Bf5 15.e4 Bd7
16.Ra1 Nb7 17.Nd3 Ne8 18.Bxg7 Kxg7 19.Ra6 f6 20.Qa1 Qb8 21.b4 Nc7 22.Ra2 Nd8
23.f4 Qb6+ 24.Kh1 Nf7 25.e5 Bf5 26.exf6+ Kg8 27.Nf2 Rfe8 28.Nb3 Bc8 29.Na5 Bd7
30.Rc2 Rec8 31.g4 Na6 32.Rxc8+ Rxc8 33.Qb2 Qe3 34.Nc6 Bxc6 35.dxc6 Qxf4 36.Qa2 Nc7
37.Ne4 Qxg4 38.Nxd6 Rf8 39.Qxa7 Qxb4 40.Qxc7 Qxd6 41.Qxd6 Nxd6 42.Bd5+ Kh8
43.c7 Rc8 44.f7 Kg7 45.Be6 Rf8 46.Rd1  1-0

[Event "Nice olm prel"]
[Site "Nice"]
[Date "1974.??.??"]
[Round "5"]
[White "Lombard, Andre"]
[Black "Antonas, E."]
[Result "1-0"]
[WhiteElo "2410"]
[BlackElo "2200"]

1.d4 Nf6 2.Nf3 d6 3.c4 g6 4.g3 Bg7 5.Bg2 O-O 6.O-O Nbd7 7.Nc3 e5 8.e4 Re8
9.h3 exd4 10.Nxd4 Ne5 11.b3 Bd7 12.Be3 Qc8 13.Kh2 a6 14.Rc1 h6 15.Re1 Kh7
16.f4 Nc6 17.Bf2 Nxd4 18.Bxd4 Bc6 19.Nd5 Nxd5 20.cxd5 Bd7 21.Bxg7 Kxg7 22.Qd4+ Kg8
23.Qf6 a5 24.e5 dxe5 25.fxe5 Bf5 26.e6 fxe6 27.dxe6 Rf8 28.Qe5 c6 29.g4 Bxe6
30.Qxe6+ Qxe6 31.Rxe6 Rf2 32.Rd1 Kf7 33.Re3 Rxa2 34.Rd7+ Kf6 35.h4 a4 36.Rde7  1-0

[Event "Nice olm fin-A"]
[Site "Nice"]
[Date "1974.??.??"]
[Round "8"]
[White "Whiteley, Andrew J"]
[Black "Jones, Iolo C"]
[Result "1-0"]
[WhiteElo "2200"]
[BlackElo "2210"]

1.d4 Nf6 2.c4 g6 3.g3 Bg7 4.Bg2 O-O 5.Nf3 d6 6.O-O Nc6 7.Nc3 a6 8.h3 Rb8
9.e4 Nd7 10.Bg5 h6 11.Be3 e5 12.d5 Ne7 13.Nh4 Qe8 14.Qd2 Kh7 15.Rae1 Nc5
16.f4 Ng8 17.Qc2 exf4 18.gxf4 Bf6 19.Nf3 Bxc3 20.bxc3 Qa4 21.Qxa4 Nxa4 22.Ba7 Ra8
23.Bd4 Bd7 24.Nd2 b5 25.cxb5 axb5 26.e5 Bf5 27.Ne4 Ra6 28.Rb1 Rb8 29.Rb4 Bxe4
30.Bxe4 Nc5 31.Bb1 Ne7 32.c4 Rab6 33.f5 gxf5 34.Bxf5+ Kg8 35.Rb2 bxc4 36.Rg2+ Kf8
37.e6 fxe6 38.Bg6+ Nf5 39.dxe6  1-0

[Event "Nice olm fin-A"]
[Site "Nice"]
[Date "1974.??.??"]
[Round "8"]
[White "Kavalek, Lubomir"]
[Black "Poutiainen, Pertti"]
[Result "1/2-1/2"]
[WhiteElo "2625"]
[BlackElo "2200"]

1.Nf3 g6 2.c4 Bg7 3.d4 Nf6 4.g3 O-O 5.Bg2 d6 6.O-O Nc6 7.Nc3 a6 8.d5 Na5
9.b3 c5 10.dxc6 Nxc6 11.Bb2 Bf5 12.Nh4 Bd7 13.Qd2 Qa5 14.Rfd1 Rfc8 15.Na4 Rc7
16.c5 dxc5 17.Nxc5 Be8 18.Bc3 Nd8 19.Rac1 Qxc5 20.Bxf6 Qa3 21.Bxg7 Kxg7 22.Nf3 Rxc1
23.Rxc1 Nc6 24.Nd4 Rd8 25.Bxc6 bxc6 26.Qc3 Kg8 27.e3 Rd6 28.f4 Bd7 29.Rc2 Rd5
30.Nxc6 Rd1+ 31.Kf2 Qd6 32.Nd4 Qd5 33.Rd2 Rxd2+ 34.Qxd2 Qh1 35.Nf3 Bh3 36.e4 Bg4
37.Qe2 Bxf3  1/2-1/2

[Event "Nice olm fin-A"]
[Site "Nice"]
[Date "1974.??.??"]
[Round "13"]
[White "Williams, Arthur H"]
[Black "Kavalek, Lubomir"]
[Result "1/2-1/2"]
[WhiteElo "2405"]
[BlackElo "2625"]

1.d4 Nf6 2.c4 g6 3.Nf3 Bg7 4.g3 O-O 5.Bg2 d6 6.O-O Nbd7 7.Nc3 e5 8.e4 exd4
9.Nxd4 Re8 10.h3 Nc5 11.Re1 a5 12.Qc2 Ng4 13.Nce2 Ne5 14.Rd1 Qe7 15.Be3 c6
16.Rd2 f5 17.exf5 gxf5 18.Re1 Qf7 19.b3 Ng6 20.Rdd1 a4 21.b4 Ne4 22.Nf4 Ne5
23.Rc1 Ng6 24.Nde2 Bd7 25.Red1 Bf8 26.Bd4 b5 27.a3 bxc4 28.Qxc4 d5 29.Qc2 Ne5
30.Qa2 Nc4 31.Bf3 Ne5 32.Bg2 Bg7 33.Qb2 Rab8 34.Qa2 Re7 35.Nd3 Nc4 36.Bxg7 Qxg7
37.Ndf4 Rbe8 38.Nd4 Kh8 39.Kh2 Rg8 40.Kg1  1/2-1/2

[Event "Rubinstein mem"]
[Site "Polanica Zdroj"]
[Date "1974.??.??"]
[Round "11"]
[White "Lombard, Andre"]
[Black "Schmidt, Wlodzimierz"]
[Result "1/2-1/2"]
[WhiteElo "2410"]
[BlackElo "2500"]

1.Nf3 g6 2.c4 Bg7 3.d4 Nf6 4.g3 O-O 5.Bg2 d6 6.O-O c5 7.dxc5 dxc5 8.Nc3 Nc6
9.Bf4 Qa5 10.Ne5 Nd4 11.Bd2 Qc7 12.Nd3 Bf5 13.Bf4 Qc8 14.Rc1 Bh3 15.Nd5 Nxd5
16.cxd5 Bxg2 17.Kxg2 Qf5 18.Rxc5 b6 19.Rc7 Qxd5+ 20.Kg1 Ne6 21.Rc2 Nxf4 22.Nxf4 Qxa2
23.Qd7 e6 24.Rfc1 Bf6 25.Nd3 Bg5 26.Rf1 Qa5 27.h4 Bf6 28.Rfc1 h5 29.Rc7 Rad8
30.Qc6 Bd4 31.Qe4 a6 32.b4 Qd5 33.Qxd5 Rxd5 34.Ra7 a5 35.Nf4 Rb5 36.e3 Be5
37.bxa5 bxa5 38.Nd3 Bb8 39.Ra6 Rd8 40.Rc3 Bd6 41.Kg2 Rd7 42.Kf3 e5 43.e4 Kg7
44.Ke2 Bb8 45.Rc8 Rd4 46.f3 Rb3 47.Rxb8 Rxb8 48.Nxe5 Rdb4 49.Rxa5 R8b5 50.Rxb5 Rxb5
51.Nd3 Kf8 52.Ke3 Rb3 53.Ke2 Ra3 54.Ke3 Ke7 55.Ke2 Kd6 56.Ke3 Ke6 57.Ke2 Kf6  1/2-1/2

[Event "CSR-ch"]
[Site "Rimavska Sobota"]
[Date "1974.??.??"]
[Round "9"]
[White "Lechtynsky, Jiri"]
[Black "Mista, Ladislav"]
[Result "1-0"]
[WhiteElo "2390"]
[BlackElo "2355"]

1.d4 Nf6 2.c4 g6 3.Nf3 Bg7 4.g3 O-O 5.Bg2 d6 6.O-O Nbd7 7.Nc3 e5 8.e4 c6
9.h3 exd4 10.Nxd4 Re8 11.Re1 Qb6 12.Nb3 Ne5 13.Be3 Qc7 14.Qe2 a5 15.Rac1 a4
16.Nd4 Qa5 17.f4 Ned7 18.Qd2 Nc5 19.Bf2 Qb4 20.Nc2 Qb6 21.Qxd6 Qxb2 22.Bxc5 Qxc3
23.Ne3 Qa5 24.Bb4 Qb6 25.Bc5 Qa5 26.Bb4 Qb6 27.Bc5 Qa6 28.e5 Nh5 29.Kh2 Be6
30.Red1 f6 31.Rb1 fxe5 32.fxe5 Bxc4 33.Rb6 Bxe5 34.Qd7 Nxg3 35.Rxa6 Ne2+
36.Kh1 Bxa6 37.Bf3 Nc3 38.Ng4 Nxd1 39.Nh6+ Kh8 40.Nf7+  1-0

[Event "CSR-ch"]
[Site "Rimavska Sobota"]
[Date "1974.??.??"]
[Round "11"]
[White "Meduna, Eduard"]
[Black "Lanc, Alois"]
[Result "0-1"]
[WhiteElo "2285"]
[BlackElo "2200"]

1.Nf3 Nf6 2.g3 g6 3.Bg2 Bg7 4.c4 d6 5.d4 O-O 6.O-O Nc6 7.d5 Na5 8.Nfd2 c6
9.Nc3 cxd5 10.cxd5 Bd7 11.Nb3 Rc8 12.Nxa5 Qxa5 13.Qb3 b5 14.a3 Rc4 15.Bd2 Rfc8
16.Rfc1 a6 17.h3 h5 18.e4 Qd8 19.Be3 Kh7 20.Qd1 a5 21.e5 dxe5 22.Bf1 Bf5
23.Bxc4 bxc4 24.Kh2 Qd7 25.h4 Bd3 26.b4 Ng4+ 27.Kg2 Nxe3+ 28.fxe3 e4 29.bxa5 Bxc3
30.Rxc3 Qxd5 31.Qd2 Ra8 32.a4 Rxa5 33.Ra2 Rxa4 34.Kh2 Rxa2 35.Qxa2 Qf5 36.Rc1 Qf3
37.Qd2 Qf6 38.Kg2 Qe5 39.Qf2 Kg7 40.Qd2 Kg8 41.Qb4 Qf6 42.Qd2 Qf3+ 43.Kh2 Kg7
44.Rg1 Qf6 45.Rc1 Kh6 46.Kg1 g5 47.hxg5+ Kxg5 48.Qf2 Qxf2+ 49.Kxf2 h4 50.gxh4+ Kxh4
51.Rg1 c3 52.Ke1 e5 53.Rg7 f5 54.Re7 c2  0-1

[Event "CSR-ch"]
[Site "Rimavska Sobota"]
[Date "1974.??.??"]
[Round "13"]
[White "Lechtynsky, Jiri"]
[Black "Lanc, Alois"]
[Result "1-0"]
[WhiteElo "2390"]
[BlackElo "2200"]

1.d4 Nf6 2.c4 g6 3.Nf3 Bg7 4.g3 O-O 5.Bg2 d6 6.O-O Nc6 7.Nc3 e5 8.d5 Ne7
9.e4 Ne8 10.Ng5 h6 11.Nh3 Bd7 12.f4 Qc8 13.Nf2 Kh7 14.Qe2 f6 15.Be3 f5 16.fxe5 Bxe5
17.Nd3 Bg7 18.Bd2 fxe4 19.Rxf8 Bxf8 20.Nxe4 Ng8 21.Rf1 Ng7 22.Nf4 Qe8 23.Qd3 Be7
24.Bc3 Bf5 25.Qd4 Bf8 26.h3 Qe7 27.g4 Bd7 28.Nxg6 Kxg6 29.Qd3 Nf5 30.gxf5+ Bxf5
31.Qg3+  1-0

[Event "SWE-ch"]
[Site "?"]
[Date "1974.??.??"]
[Round "10"]
[White "Ljungdahl, John"]
[Black "Fredriksson, Leif"]
[Result "0-1"]
[WhiteElo "2210"]
[BlackElo "2200"]

1.Nf3 Nf6 2.c4 g6 3.g3 Bg7 4.Bg2 d6 5.d4 O-O 6.O-O Nc6 7.Nc3 a6 8.b3 Rb8
9.Bb2 Bd7 10.Rc1 b5 11.d5 Na7 12.cxb5 axb5 13.Nd4 e5 14.Nc2 b4 15.Nb1 Rb5
16.Ne3 Qb8 17.Qd2 Qb7 18.Rc4 Ra8 19.f4 Ne8 20.fxe5 dxe5 21.Ng4 Bxg4 22.Rxg4 Nd6
23.Rc1 Nac8 24.Ba1 Qa7+ 25.Kh1 Qxa2 26.Qd1 Qxa1 27.Nc3 bxc3 28.Rxa1 c2 29.Qxc2 Rxa1+
30.Bf1 Rxf1+ 31.Kg2 Ra1 32.Ra4 Rxa4 33.bxa4 Rb7 34.Qc6 Ra7 35.e4 Bf8 36.a5 Rxa5
37.Qxc7 Ra4  0-1

[Event "SWE-ch"]
[Site "?"]
[Date "1974.??.??"]
[Round "14"]
[White "Fridh, Anton"]
[Black "Wedberg, Tom"]
[Result "1-0"]
[WhiteElo "2255"]
[BlackElo "2200"]

1.Nf3 g6 2.d4 Bg7 3.c4 Nf6 4.g3 O-O 5.Bg2 d6 6.O-O Nc6 7.h3 Bf5 8.Nc3 Ne4
9.Nd5 Bd7 10.Qd3 f5 11.Be3 e6 12.Nc3 Nxc3 13.bxc3 Na5 14.Rab1 Rb8 15.Nd2 Qf6
16.f4 b6 17.Bf2 Rbd8 18.e4 e5 19.Be3 Bc8 20.Rbe1 c5 21.exf5 exd4 22.Bd5+ Kh8
23.Ne4 Bxf5 24.cxd4 Bxe4 25.Bxe4 Qe6 26.Bd5 Qxh3 27.Bf2 Rde8 28.dxc5 dxc5
29.Re4 Rd8 30.Qe2 b5 31.Be6 Qh6 32.Bxc5 Rfe8 33.cxb5 Bc3 34.Kg2 Qg7 35.Rd1 Rxd1
36.Qxd1 Nb7 37.Bf2 Nd8 38.Bd5 Rf8 39.Qe2 Bf6 40.Re8  1-0

[Event "Trencianske Teplice"]
[Site "Trencianske Teplice"]
[Date "1974.??.??"]
[Round "3"]
[White "Ujtelky, Maximilian"]
[Black "Vogt, Lothar"]
[Result "1/2-1/2"]
[WhiteElo "2295"]
[BlackElo "2430"]

1.d4 Nf6 2.Nf3 g6 3.c4 Bg7 4.g3 O-O 5.Bg2 d6 6.Nc3 c5 7.d5 Na6 8.O-O Nc7
9.e4 e5 10.h3 a6 11.a4 b6 12.Qe2 Bd7 13.b3 b5 14.Bd2 bxc4 15.bxc4 Rb8 16.Ne1 Nfe8
17.Nd3 f5 18.Ra3 Nf6 19.Kh2 Qe7 20.Re1 Rfe8 21.Qd1 Rb4 22.f4 exf4 23.Bxf4 Rxc4
24.e5 dxe5 25.Bxe5 Ne4 26.Nxe4 Bxe5 27.Nd2 Bxg3+ 28.Kxg3 Qd6+ 29.Kf2 Rd4  1/2-1/2

[Event "Vejle op"]
[Site "Vejle"]
[Date "1974.??.??"]
[Round "2"]
[White "Rosenlund, Thorbjorn"]
[Black "Hansen, Ja"]
[Result "1-0"]
[WhiteElo "2345"]
[BlackElo "2200"]

1.d4 Nf6 2.Nf3 g6 3.g3 Bg7 4.Bg2 O-O 5.c4 d6 6.O-O Nbd7 7.Qc2 e5 8.Rd1 Re8
9.dxe5 dxe5 10.Nc3 c6 11.e4 Qe7 12.h3 Nh5 13.Be3 Nf8 14.c5 f5 15.exf5 gxf5
16.Rd6 f4 17.gxf4 Nxf4 18.Bxf4 exf4 19.Re1 Be6 20.Qe4 Qf7 21.Ng5 Bf5 22.Nxf7 Bxe4
23.Nxe4 Kxf7 24.Rxc6 bxc6 25.Nd6+ Kg6 26.Nxe8 Bxb2 27.Nd6 Ba3 28.Bxc6  1-0

[Event "DDR-CSSR U25"]
[Site "Zinnowitz"]
[Date "1974.??.??"]
[Round "1"]
[White "Beil, Zdenek"]
[Black "Vogt, Lothar"]
[Result "0-1"]
[WhiteElo "2330"]
[BlackElo "2430"]

1.d4 Nf6 2.c4 g6 3.Nf3 Bg7 4.g3 O-O 5.Bg2 d6 6.O-O Nbd7 7.Nc3 e5 8.e4 exd4
9.Nxd4 Re8 10.h3 Nc5 11.Re1 a5 12.Qc2 c6 13.Be3 Bd7 14.f4 Nfxe4 15.Nxe4 Nxe4
16.Bxe4 d5 17.cxd5 cxd5 18.Bxd5 Rxe3 19.Rxe3 Bxd4 20.Re1 Qb6 21.Qb3 Qxb3
22.axb3 Re8 23.Kf2 Bxh3 24.Kf3 Bxe3 25.Rxe3 Bg2+  0-1

[Event "CSR-ch"]
[Site "Brno"]
[Date "1975.??.??"]
[Round "4"]
[White "Neckar, Lubomir"]
[Black "Vogt, Lothar"]
[Result "1/2-1/2"]
[WhiteElo "2200"]
[BlackElo "2450"]

1.Nf3 g6 2.g3 Bg7 3.d4 Nf6 4.Bg2 O-O 5.c4 d6 6.O-O c5 7.d5 Na6 8.Nc3 Nc7
9.Nd2 a6 10.a4 b6 11.Rb1 Rb8 12.b4 cxb4 13.Rxb4 Nd7 14.Qc2 Nc5 15.a5 b5 16.Bb2 Bf5
17.e4 Bd7 18.Rb1 Na8 19.cxb5 Qxa5 20.Ba1 axb5 21.Nc4 Qa6 22.Bf1 Nc7 23.Ne3 Rfc8
24.Qd1 Qa5 25.e5 N7a6 26.Rh4 dxe5 27.d6 exd6 28.Qxd6 Be6 29.Ncd5 Rd8 30.Qc6 Kh8
31.Ne7 Rb7 32.N3d5 Rbd7 33.Rd1 Bxd5 34.Nxd5 Rd6 35.Nf6 Rxf6 36.Qxb5 Qc7 37.Bxe5 Qe7
38.Rxd8+ Qxd8 39.Rd4 Qf8 40.Bxf6 Bxf6  1/2-1/2

[Event "URS-ch otbor"]
[Site "Cheliabinsk"]
[Date "1975.??.??"]
[Round "?"]
[White "Zaid, Leonid D"]
[Black "Petrushin, Alexander I"]
[Result "0-1"]
[WhiteElo "2200"]
[BlackElo "2340"]

1.d4 Nf6 2.c4 g6 3.Nf3 Bg7 4.g3 O-O 5.Bg2 d6 6.O-O Ne4 7.b3 Nc6 8.Bb2 Bg4
9.h3 Bxf3 10.exf3 Nc5 11.Na3 d5 12.Rb1 Nd7 13.f4 Nf6 14.Nc2 e6 15.Qe2 Ne7
16.g4 Re8 17.Rfd1 c6 18.Ne1 a5 19.c5 Nd7 20.Nd3 a4 21.Bc3 axb3 22.axb3 Nc8
23.Qd2 Na7 24.Ba5 Qe7 25.Ne5 Nb5 26.b4 Nxe5 27.fxe5 f6 28.Re1 fxe5 29.dxe5 Rf8
30.f4 Rf7 31.Rb3 Raf8 32.Rf3 Bh6 33.Ref1 Rxf4 34.Rxf4 Rxf4 35.Rxf4 Qg5 36.Bf1 Qxf4
37.Qxf4 Bxf4 38.Bxb5 cxb5 39.Bc7 Kf7 40.Kf2 Bd2 41.c6 bxc6 42.Bd6 Bg5 43.Bc7 Be7
44.Ba5 c5 45.bxc5 Bxc5+ 46.Kf3 Ba3 47.Ke3 b4 48.Kd3 b3 49.Bb6 Bb2 50.Bc7 Ke8
51.Bd6 Kd7 52.h4 Kc6 53.h5 Bc1 54.hxg6 hxg6 55.Kc3 b2 56.Kc2 d4  0-1

[Event "DSV-Turnier"]
[Site "Leipzig"]
[Date "1975.??.??"]
[Round "2"]
[White "Moehring, Guenther"]
[Black "Gruenberg, Hans Ulrich"]
[Result "1/2-1/2"]
[WhiteElo "2450"]
[BlackElo "2315"]

1.d4 Nf6 2.c4 g6 3.Nf3 Bg7 4.g3 O-O 5.Bg2 d6 6.O-O Nc6 7.d5 Na5 8.Nbd2 c5
9.e4 e6 10.Re1 a6 11.Rb1 b5 12.b3 Rb8 13.Qc2 Ng4 14.Bb2 e5 15.h3 Nh6 16.Nh2 f5
17.f4 exf4 18.Bxg7 Kxg7 19.gxf4 fxe4 20.Nxe4 Bf5 21.Nf3 bxc4 22.bxc4 Rxb1
23.Qxb1 Bxe4 24.Qxe4 Nf7 25.Qc2 Qf6 26.Re6 Qa1+ 27.Re1 Qf6 28.Re6 Qa1+ 29.Kh2 Kh8
30.h4 Nb7 31.Re7 Nbd8 32.Bh3 Qf6 33.Re4 Nh6 34.Ng5 Nf5 35.Bxf5 Qxf5 36.Qe2 h6
37.Ne6 Nxe6 38.dxe6 Re8 39.e7 Qf6 40.Kg3 Kg7 41.Re6 Qc3+ 42.Kg2 Kf7 43.h5 gxh5
44.Kh2 h4 45.Re3 Qf6 46.Qh5+ Kg7 47.Qg4+ Kf7 48.Qh5+ Kg7 49.Qxe8 Qxf4+ 50.Kg2 Qg4+
51.Kf2 Qf5+ 52.Kg1 Qg4+ 53.Kf1 Qf5+ 54.Ke1 Qb1+ 55.Ke2 Qc2+ 56.Ke1 Qb1+ 57.Kf2 Qf5+
58.Rf3 Qc2+ 59.Kg1 Qd1+ 60.Kf2 Qd2+ 61.Kg1 Qd1+ 62.Kg2 Qe2+ 63.Rf2 Qe4+ 64.Kh2 Qe5+
65.Kh1 Qe1+ 66.Kg2 Qe4+ 67.Kf1 Qb1+ 68.Ke2 Qc2+ 69.Ke3 Qc3+ 70.Ke2 Qc2+ 71.Ke3 Qc3+
72.Ke4 Qd4+ 73.Kf3 Qd3+  1/2-1/2